000 00420nam a2200193Ia 4500
008 210210b1886 xxu||||| |||| 00| 0 eng d
041 _aeng
082 _a824/278
100 _aSCHMIDT (A)
245 _aShakespeare lexicon Vol 1
260 _aBerlin
_b-
_c1886
440 _aI
650 _aVol
650 _aShakespeare
650 _alexicon
650 _a1
690 _aEnglish Criticism
906 _a014228
999 _c133348
_d133348